000 00859nas a2200289 4500
001 BR0502865
003 BR-BrBNA
005 20231205105411.0
007 ta
008 230509b bl.|||p| |||| 00| 00por d
040 _aBR-BrBNA
_bpor
_cBiblioteca Nacional de Agricultura
041 _a(Pt)
072 _aF01; P33
100 1 _aSouza, Z.M. de
100 1 _aPrado, R. de M.
100 1 _aPaixão, A.C.S.
100 1 _aCesarin, L.G.
245 1 _aSistemas de colheita e manejo da palhada de cana-de-açúcar
650 _aCANA DE AÇÚCAR
650 _aPALHADA
650 _aCOLHEITA
650 _aMANEJO DO SOLO
650 _aLATOSSOLO VERMELHO AMARELO
773 0 _tPesquisa Agropecuária Brasileira (Brazil)
_xISSN 0100-204X
_g(Mar 2005), v. 40(3) p. 271-278
_wBR0502865
909 _a202311
_bLúcia
_c55
_dLúcia Elande
942 _2AGRIS
_n0
_cANA
999 _c182777
_d182777